Statistics for Countries Breakdown Puzzle #2

Click here to take the quiz!

General Stats

  • This quiz has been taken 35,152 times
    (12,573 since last reset)
  • The average score is 17 of 30

Answer Stats

HintAnswer% Correct
Present tense of wasIS
92%
Teenager's skin problemACNE
89%
Untruthful personLIAR
84%
Pot coverLID
79%
Cookie containerJAR
78%
Postman's deliveryMAIL
76%
Rubber that meets the roadTIRE
73%
Unit of sunshineRAY
71%
Paulo or Tomé, e.g.SAO
70%
Actor AykroydDAN
69%
Meat of a baby cowVEAL
67%
What connects Van Gogh
and Tyson
EAR
67%
Show agreementNOD
65%
China's chairmanMAO
64%
What the Titanic didSANK
59%
Khmer Rouge's PotPOL
58%
Ivory Coast neighbourGHANA
58%
SYRIA
56%
POLAND
54%
JORDAN
54%
SOMALIA
51%
ERITREA
46%
Passes outFAINTS
45%
ICELAND
44%
Turns down the lightsDIMS
42%
SwindleCON
34%
AFGHANISTAN
31%
SRI LANKA
28%
MONACO
23%
MALDIVES
19%

Score Distribution

Percentile by Number Answered

Percent of People with Each Score

Your Score History

You have not taken this quiz since the last reset